000 00320nam a2200145Ia 4500
005 20251222144653.0
008 251222s9999||||xx |||||||||||||| ||spa||
020 _a84-321-27493
082 _a152.41/L54
100 _aLewis, C.S.
245 0 _aLos cuatro amores
250 _a4a.ed.
264 _bRialp
942 _cLIB
999 _c17131
_d17131